000 00635cam a2200205 4500
001 BIIH004811
008 1975 spa
035 _aBIIH004811
050 4 _aHD6532
_bB32 1975
100 1 _aBaca Calderón, Esteban
245 0 _aJuicio sobre la guerra del yaki y génesis de la huelga de Cananea /
_cEsteban Baca Calderón.
260 _aMéxico :
_bCEHSMO,
_c1975
300 _a126 p. ;
_c17 cm.
440 0 _aCuadernos Obreros ; 1
500 _a1 ejemplar
650 4 _aSindicalismo
_xMéxico
650 4 _aIndios de México
_xSonora
650 4 _aHuelgas y Paros México
_xHistoria
942 _2lcc
_cLIB
999 _c66974
_d66974